| 000 | 00364nam a2200145Ia 4500 | ||
|---|---|---|---|
| 008 | 230917s9999||||xx |||||||||||||| ||und|| | ||
| 040 |
_e154786 _aMAIN |
||
| 041 | _aEnglish | ||
| 082 | _a294.6 G537S:G | ||
| 100 | _aShamsher Singh | ||
| 245 | 0 | _aGuru Gobind Singh | |
| 260 |
_aChandigarh _bGuru Gobind Singh Foundation _c[n.d,] |
||
| 300 | _a36 p. | ||
| 942 | _cBK | ||
| 999 |
_c226224 _d226224 |
||